000 00979nam a22002657a 4500
005 20231219115802.0
010 _aENG-125797 ENG-138605
020 _a9789386725912
_c250.00
020 _a9789389740264
_c1195.00
035 _aEN-109329
035 _aEN-122137
037 _bDBAD/PUB
082 _a510.71
100 _aRamaiah, K.
_959935
245 _aUnderstanding mathematics and early mathematics education at primary level/
_cBy K. Ramaiah...[et.al]
260 _aHyderabad
_bNeelkamal Publications
_c2018
270 _a4764/1, 23 Ansari Road
_bDaryaganj, New Delhi
_e110002
_k011-23244237, 9811828953
_mneelkamalbooks@gmail.com
300 _axii,284p.
_c24cm(pbk)
300 _axii,289p.
_c24cm(hbk)
500 _aIncludes bibliographical references
700 _aSreedharacharyulu, K.
_eAuthor
_959932
700 _aPriyadarsini, J.R.
_eEditor
_959933
700 _aDharmendra Singh, Sardar
_eAuthor
_959934
942 _2ddc
_cEN
_h510.71
_mRAM
_e1
999 _c165707
_d165707